| 000 | 00487nmm a2200169Ia 4500 | ||
|---|---|---|---|
| 008 | 251105s9999||||xx |||||||||||||||||und|| | ||
| 020 | _a9791222432076 | ||
| 041 | _aspa | ||
| 100 | _aCervantes Digital | ||
| 245 | 0 | _aHistorias Ilustradas del Evangelio según San Mateo | |
| 264 |
_a[Quito, Ecuador] : _bCervantes Digital, _c2023 |
||
| 300 | _a0 páginas | ||
| 490 | _aReligiosos | ||
| 650 | _aReligion(s) | ||
| 856 | _uhttps://public.digitaliapublishing.com/a/129483 | ||
| 942 | _cCF | ||
| 999 |
_c98207 _d98207 |
||